Plants Vs Zombies Plants - Statistics

General Stats
  • This quiz has been taken 20 times
  • The average score is 38 of 49
Answer Stats
Level Coat Function Plant % Correct
Day 150 Explodes a 3x3 area Cherry Bomb
100%
Day 150 Eats zombies but takes time to chew Chomper
100%
Night 125 Explodes a 5x5 area but leaves a crater Doom-Shroom
100%
Fog 100 Blows away fog and balloon zombies Blover
89%
Roof 100 Launches cabbage Cabbage-Pult
89%
Fog 125 Shoots down balloon zombies Cactus
89%
Upgrade 225 (Requires Lily Pad) Shoots any zombie close to home Cattail
89%
Upgrade 500 (Requires 2 Kernal-Pults) Shoots Corn Cobs anywhere on screen Cob Cannon
89%
Roof 75 Wakes up mushrooms Coffee Bean
89%
Roof 25 Allows plants to be on the roof Flower Pot
89%
Night 75 Shoots fumes that go through shields Fume-Shroom
89%
Roof 50 Diverts zombies to other lanes Garlic
89%
Upgrade 250 (Requires Repeater) Shoots 4 peas Gatling Pea
89%
Upgrade 50 (Requires Magnet-Shroom) Picks up coins for you Gold Magnet
89%
Night 75 Removes graves Grave Buster
89%
Night 75 Turns the zombies against themselves Hypno-Shroom
89%
Nighy 75 Freezes all zombies Ice-Shroom
89%
??? ??? Allows you to have 2 of the same kind of plant in your seed slot Imitator
78%
Pool 125 Explodes a full lane Jalapeno
78%
Roof 100 Launches kernals and butter Kernal-Pult
78%
Pool 25 Allows to plant on water Lily Pad
78%
Fog 100 Removes metal on zombies Magnet-Shroom
78%
Roof 50 Produces coins Marigold
78%
Roof 300 Launches melons Melon-Pult
78%
Day 100 Shoots peas Peashooter
78%
Fog 25 Reveals a section of fog Plantern
78%
Day 25 Explodes but takes time to arm Potato Mine
78%
Night 0 Shoots spores in a short range Puff-Shroom
78%
Fog 125 Protects the plant in it Pumpkin
78%
Day 200 Shoots 2 peas Repeater
78%
Night 25 Shoots spores but hids when zombies get near Scaredy-Shroom
78%
Fog 0 Same as Puff-Shroom but on water Sea-Shroom
78%
Day 175 Shoots frozen peas that slow zombies Snow Pea
78%
Fog 125 Shoots 1 forwards and 2 behind Split Pea
78%
Fog 125 Shoots in 5 directions Starfruit
78%
Day 50 Produces sun Sunflower
78%
Night 25 Produces little sun then normal sun Sun-Shroom
78%
Pool 125 Like Wall-Nut but tall Tall-Nut
78%
Pool 325 Shoots peas in three lanes Threepeater
78%
Upgrade 150 (Requires Fume-Shroom) Shoots 1 tile in all 8 directions Gloom-Shroom
67%
Upgrade 125 (Requires Spikeweed) Same as Spikeweed but stronger Spikerock
67%
Pool 50 Insta-kill zombies in front or behind them Squash
67%
Pool 25 Insta-kills zombies in water Tangle Kelp
67%
Pool 175 Doubles the damage of peas (besides Snow Pea) Torch Wood
56%
Upgrade 125 (Requires Sunflower) Produces 2 suns Twin Sunflower
56%
Pool 100 Attacks from the bottom Spikeweed
44%
Roof 100 Blocks basketballs and bungee zombies Umbrella Leaf
44%
Day 50 Protects plants Wall-Nut
44%
Upgrade 200 (Requires Melon-Pult) Slows a larger area of zombjes Winter Melon
33%
No matching quizzes found
Score Distribution
Percent of People with Each Score
Percentile by Number Answered
Your Score History
You have not taken this quiz